000
00296nam a2200121Ia 4500
008
220216s9999 xx 000 0 und d
100
_a
Paul Kalyan K
245
0
_a
Trends in the Indian tyre industry
260
_b
Facts For You
_c
2003
300
_a
31-32
650
_a
Tyre industry
942
_c
JS
999
_c
71569
_d
71569